| 000 | 00736cab a2200241 4500 | ||
|---|---|---|---|
| 001 | WB3138-72 | ||
| 008 | 090401t1995 xxu||||| |||| 00| 0 eng d | ||
| 035 | _a(Sirsi) u69974 | ||
| 041 | _aeng | ||
| 245 | _aARLA presses for tax action | ||
| 260 | _c1995 | ||
| 350 | _a0 | ||
| 490 |
_aNegotiator _v5-19 October 1995, 11(1) |
||
| 520 | _aCall for landlords to submit requests for tax exemption to Revenue before the end of December, in line with new rules which apply to all expatriate landlords. | ||
| 650 | _aARLA | ||
| 650 | _aASSOCIATION OF RESIDENTIAL LETTING AGENTS | ||
| 650 | _aOVERSEAS LANDLORDS | ||
| 650 | _aRENTAL INCOME | ||
| 650 | _aTAX EXEMPTION | ||
| 690 | _aTAXATION | ||
| 942 | _n0 | ||
| 948 | _c04/03/1997 | ||
| 999 |
_c44015 _d44015 |
||